| 000 | 00334nam a22001457a 4500 | ||
|---|---|---|---|
| 003 | SGT | ||
| 020 | _a9789385915529 | ||
| 082 |
_a611 _bA21A |
||
| 100 | _aAGRAWAL, ROHINI | ||
| 245 | _aANATOMY, PHYSIOLOGYAND HEALTH EDUCATION | ||
| 260 |
_aINDIA _bCBS PUB _c2021 |
||
| 300 | _a645 | ||
| 650 | _aHUMAN ANATOMY | ||
| 942 |
_2ddc _cBK _061 |
||
| 999 |
_c21930 _d21930 |
||